| 000 | 00540nam a2200205Ia 4500 | ||
|---|---|---|---|
| 003 | OSt | ||
| 005 | 20230608100843.0 | ||
| 008 | 210423s2003 xx 000 0 und d | ||
| 040 | _cAL | ||
| 041 | _aeng | ||
| 082 |
_a307.72 _223 _bJAIC |
||
| 100 |
_aJAIN (Rashmi) _9122211 |
||
| 245 | _aCommunicating rural development | ||
| 260 |
_aJaipur _bRawat Publications _c2003 |
||
| 365 |
_b495 _cINR |
||
| 650 |
_aRural Communities _9122212 |
||
| 650 |
_aSociology _9122213 |
||
| 906 | _aCommunicating ; development ; rural | ||
| 942 |
_2ddc _cBK |
||
| 999 |
_c175193 _d175193 |
||